000 nam a22 a 4500
999 _c432
_d432
003 AKMAL
005 20170503162111.0
008 170503s2005 my | e | f001 0 eng d
020 _a9679311848 (pbk.)
020 _a9679311813
040 _aAKMAL
082 0 4 _a016.020720595 PNM
_222
090 0 0 _a016.020720595
_bPNM
245 0 0 _aLibrary and information science research in Malaysia :
_ban abstract bibliography
260 _aKuala Lumpur :
_bPerpustakaan Negara Malaysia,
_c2005
300 _ax, 164p. ;
_c25cm.
500 _aIncludes index
650 1 0 _aLibrary science
_xResearch
_zMalaysia
_vBibliography
_91004
650 2 0 _aInformation science
_xResearch
_zMalaysia
_vBibliography
_91005
710 2 _aPerpustakaan Negara Malaysia
_9743
942 _2ddc
_cBOOK